01421nam a2200241Ia 4500001000600000003000900006008004100015040001300056040001300069041001300082100001800095100002900113245002900142245002900171250001100200260001000211260001100221260004900232300004300281500078900324650003501113650003101148 1921IT-RoPAU130308s9999 xx 000 0 und d aIT-RoPAU cIT-RoPAU aFRANCESE aBerger René gCodice Aut. SPICS: 9305 aMutation des signes (La) bMutation des Signes (La) a1a ed. aPARIS bDenoel c1972 [1° Ed.:1972 - Ed.Ling.Originale:1972] a"438 p. (prefazione: no ; testo: 438)" aMutazione dei Segni Riproduzione Produzione Amalgama cibernetica e Bionicacomputer Iconografia immagine Arte sperimentale Dalla Cultura Fissa a quella mobile Comunicazione e codici dal Salone All'Impresa d'informazione Esposizione Nuovo mezzo di Comunicazione di Massa Creazione e Diffusione folklore Realtà manipolata Comunicazione Temporale Gesti e Simboli Linguistici Dissufione di Massa Comunicazione Unica e multipla Essenza della Comunicazione Arte e Letteratura Cultura fenomeno di Transculturazione Generale turismo Fattore di Cultura Preminenza della Scrittura Interferenze Corpo Lingua Multimedia Unidisciplinarità e Multidisciplinarità Dall'Agricultura Alla Tecnocultura cambiamento dei mezzi e dei circuiti di Comunicazione Educazione Ai Nuovi mezzi di Comunicazione aSAGGI DI COMUNICAZIONE SOCIALE eCodice materia Spics: 3807